| 000 | 01222nam a2200253Ia 4500 | ||
|---|---|---|---|
| 999 |
_c50815 _d50815 |
||
| 001 | 17768 | ||
| 003 | GE_BSU | ||
| 005 | 20200221170102.0 | ||
| 008 | 181216s2000 xx |||||||||||||| ||geo|| | ||
| 020 | _a99928-838-7-1 | ||
| 040 | _cGE_BSU | ||
| 041 | _ageo | ||
| 080 | _a51-7(075.8) მ-53 | ||
| 100 |
_aმელაძე, ჰამლეტ. _94162 |
||
| 245 |
_aგამოყენებითი მათემატიკის საწყისები : _bსახელმძღვ. უნ-ტის სტუდ.- თვის / _c ჰამლეტ მელაძე ; ნუგზარ სხირტლაძე ; რედ. ნ. მჭედლიშვილი. |
||
| 264 |
_aთბილისი : _bუნ-ტის გამ-ბა, _c2000. |
||
| 300 |
_a263 გვ.: _c 25 სმ. |
||
| 504 | _aბიბლიოგრ.: გვ. 259-261. | ||
| 653 | _aგამოყენებითი მათემატიკის საწყისები | ||
| 653 | _aმათემატიკა | ||
| 700 |
_aსხირტლაძე, ნუგზარ _96806 |
||
| 700 |
_aმჭედლიშვილი, ნ _eრედაქტორი _97340 |
||
| 942 |
_cBK _2udc |
||